000 01117nam a2200217 a 4500
001 16816
003 CO-ViMGA
008 141112s2004 ck r 000 u spa d
020 _a970686024X
040 _aCO-ViMGA
_bspa
_cCO-ViMGA
082 0 4 _a551 W421f
100 1 _aWicander, Reed; Monroe, James S.
_923779
245 1 0 _aFundamentos de Geología
250 _a2
260 _aMexico,
_cThomson,
_c1999
300 _a112.p.il.
505 _aComprensión de la tierra : Geología física La tectónica de placas Minerales Las rocas ígneas y la actividad ígnea intrusiva Vulcanismo Intemperismo, erosión y suelo Sedimentos y rocas sedimentarias Metamorfismo y rocas metamórficas Los terremotos y el interior de la tierra Deformación y creación de montañas Desechamiento de masa Escurrimiento de agua Agua subterranea Glaciares y glaciación La acción del viento y los desiertos Piso oceánico, costas y procesos costeros El tiempo geológico Historia del la tierra Historia de la vida
590 _aForma de adquisición : Premio - Mincultura - - Ejemplares : 2
650 1 4 _aGEOLOGIA
942 _2ddc
_cBK
999 _c26465
_d26465